000 00833nab a2200253 u 4500
001 14132
003 HDC
007 cr bn ---aaaaa
008 210214c my dr|nes 0 |0may
040 _aHDC
100 _aFUAD HADINATA YAACOB,
_eauthor
_914759
245 0 _aSasar 50 juta kapsul /
_cby FUAD HADINATA YAACOB
260 _a[no place] :
_b[publisher not identified],
_c[no year]
336 _atext
_2rdacontent
337 _acomputer
_2rdamedia
338 _aonline resource
_2rdacarrier
650 _aHalal certificate
_9482
650 _aHalal gelatin
_97489
710 _aMY METRO
856 _zRequest full-text at [email protected]
942 _2lcc
942 _cNEWS
942 _kNWSO 004402
999 _c11448
_d11448